00345nam a2200133Ia 4500001000400000008004100004020002100045082002000066100002200086245003600108260002300144901002900167999001500196667241024s9999 xx 000 0 und d a978-9945-469-127 aRD/863.44/A628i aKianny N. Antigua 0a9 iris y otros malditos cuentos bed. Nacionalc2010 a26/11/2010 11:43:17 a.m. c7838d7838